| 000 | 00785cam a2200229 a 4500 | ||
|---|---|---|---|
| 020 | _a0300028709 (alk. paper) | ||
| 020 | _a9780300028706 (alk. paper) | ||
| 020 | _a0300042124 | ||
| 020 | _a9780300042122 | ||
| 040 | _cDLC | ||
| 082 | _a720 YAL 1986 A085 Or. | ||
| 100 | 1 | _aOlsen, Donald J. | |
| 245 | 1 | 4 |
_aThe city as a work of art : _bLondon, Paris, Vienna / |
| 260 |
_aNew Haven : _bYale University Press, _cc1986. |
||
| 300 |
_axiii, 341 p. : _bill. ; _c29 cm. |
||
| 500 | _aIncludes index. | ||
| 520 | _aExamines public buildings and homes in ninteenth-century London, Paris, and Vienna, and explains how each city reflected the characteristic lifestyle of its population. | ||
| 650 | 0 | _aArchitecture | |
| 650 | 0 | _aArchitecture | |
| 650 | 0 | _aArchitecture | |
| 942 | _cEK | ||
| 999 |
_c13858 _d13858 |
||